000 01279nam0a22002891 4500
001 v19\rc\1535620
005 20250618175950.0
035 _a(NLR Aleph) 004654574
090 _a3467802
_c3467802
100 _a20060620d1888 |||y0rusy50 ca
101 0 _arus
102 _aRU
105 _ay z |||||
200 1 _aО том, как родители должны поступать с детьми, чтобы сделать их счастливыми
_eСост. крестьянином Д.И. Ивановым преимуществ. для крестьян
210 _aПсков
_cтип. Губ. земства
_d1888
215 _a18 с.
_d21
300 _aВо 2-м изд. загл.: Как поступать с детьми, чтобы они были счастливы
517 0 _aКак поступать с детьми, чтобы они были счастливы
700 1 _4220
_7ca
_8rus
_aИванов
_bД. И.
_cагроном, земский деятель
_f1837-1916
_gДмитрий Иванович
_9231920
_3RU\NLR\AUTH\770231976
801 0 _aRU
_bNLR
_gpsbo
801 0 _aRU
_bRuMoRGB
_2psbo
801 1 _aRU
_bProSoft-M
_2rusmarc
852 _aNLR
_j18.293.2.87
899 _aRuMoRGB
_jA 193/931
899 _aБАН
942 _cBOOK
980 _aNB